00546nam a2200169Ia 4500008004100000082001500041100002600056245004000082250000800122260003900130300001300169500002400182650001500206942000700221952013100228999001700359230524s9999 xx 000 0 und d a617.5bBLA aJonathan Black923452 0aBiological Perfermance of Materials a2ND aNEWYORKb"Marcel Dekker,Inc"c1992 aVIII;377 aQuantity Number: 1 aBiomedical cBK 00104070aTATCLbTATCLcGENd2023-05-24l1o617.500 BLAp10122q2015-06-01r2024-02-02s2024-02-02w2023-05-24yBKzBSCM2201 c35028d35028